<?xml version="1.0" encoding="UTF-8"?><?xml-stylesheet type="text/xsl" href="static/style.xsl"?><OAI-PMH xmlns="http://www.openarchives.org/OAI/2.0/" xmlns:xsi="http://www.w3.org/2001/XMLSchema-instance" xsi:schemaLocation="http://www.openarchives.org/OAI/2.0/ http://www.openarchives.org/OAI/2.0/OAI-PMH.xsd"><responseDate>2026-04-27T19:55:10Z</responseDate><request verb="GetRecord" identifier="oai:uvadoc.uva.es:10324/4552" metadataPrefix="marc">https://uvadoc.uva.es/oai/request</request><GetRecord><record><header><identifier>oai:uvadoc.uva.es:10324/4552</identifier><datestamp>2021-06-18T09:26:44Z</datestamp><setSpec>com_10324_38</setSpec><setSpec>col_10324_787</setSpec></header><metadata><record xmlns="http://www.loc.gov/MARC21/slim" xmlns:doc="http://www.lyncode.com/xoai" xmlns:xsi="http://www.w3.org/2001/XMLSchema-instance" xmlns:dcterms="http://purl.org/dc/terms/" xsi:schemaLocation="http://www.loc.gov/MARC21/slim http://www.loc.gov/standards/marcxml/schema/MARC21slim.xsd">
<leader>00925njm 22002777a 4500</leader>
<datafield tag="042" ind1=" " ind2=" ">
<subfield code="a">dc</subfield>
</datafield>
<datafield tag="720" ind1=" " ind2=" ">
<subfield code="a">Domínguez Espuñes, Jorge</subfield>
<subfield code="e">author</subfield>
</datafield>
<datafield tag="260" ind1=" " ind2=" ">
<subfield code="c">2013</subfield>
</datafield>
<datafield tag="520" ind1=" " ind2=" ">
<subfield code="a">El proceso de enseñanza-aprendizaje ha evolucionando a lo largo del tiempo. El docente siempre ha buscado que el aprendizaje de sus alumnos sea lo más significativo posible. Para ello, tradicionalmente se ha apoyado en materiales y recursos didácticos que le facilitasen la tarea de enseñar, de transmitir información. Hoy en día el objetivo no ha cambiado, los docentes seguimos queriendo que los alumnos obtengan el mejor  aprendizaje. Pero los medios e instrumentos que utilizamos están cambiando. La clave está en adaptarnos a esos cambios. Por eso, los profesores debemos esforzarnos para saber responder a las necesidades de enseñanza que demandan unos alumnos marcados por una sociedad tecnológica. Con este trabajo he tenido la oportunidad de experimentar personalmente estas tendencias de la educación en la actualidad. A través de este TFM he querido conocer esa evolución, observando el uso de los materiales y recursos didácticos empleados por los docentes durante el proceso de enseñanza-aprendizaje de la Economía a día de hoy, centrándome en el estudio del blog.</subfield>
</datafield>
<datafield tag="024" ind2=" " ind1="8">
<subfield code="a">http://uvadoc.uva.es/handle/10324/4552</subfield>
</datafield>
<datafield ind1=" " ind2=" " tag="653">
<subfield code="a">Economía política -- Estudio y enseñanza (Secundaria)</subfield>
</datafield>
<datafield ind1=" " ind2=" " tag="653">
<subfield code="a">Tecnología educativa</subfield>
</datafield>
<datafield tag="245" ind1="0" ind2="0">
<subfield code="a">Análisis de recursos didácticos de la especialidad de Economía : el uso del blog en el Centro Grial de Valladolid</subfield>
</datafield>
</record></metadata></record></GetRecord></OAI-PMH>